Normal view
MARC view
- Bharat Singh, Gupta
Entry Personal Name
001 - CONTROL NUMBER
- control field: 6962
003 - CONTROL NUMBER IDENTIFIER
- control field: OSt
005 - DATE AND TIME OF LATEST TRANSACTION
- control field: 20250117142431.0
008 - FIXED-LENGTH DATA ELEMENTS
- fixed length control field: 250117|| aca||aabn | a|a d
040 ## - CATALOGING SOURCE
- Original cataloging agency: OSt
- Transcribing agency: OSt
100 ## - HEADING--PERSONAL NAME
- Personal name: Bharat Singh, Gupta
670 ## - SOURCE DATA FOUND
- Source citation: Work cat.: (OSt)19053: Bharat Singh, Gupta, Text Book of Soil Engneering
